| 000 | 00541 a2200169 4500 | ||
|---|---|---|---|
| 020 | _a8171419151 | ||
| 020 | _a9788171419159 | ||
| 082 | _a510.7 | ||
| 090 |
_c668 _d668 |
||
| 100 | _a Suneetha,E | ||
| 245 | 0 | 0 |
_aMethods of teaching mathematics. _cMrs. E. Suneetha |
| 260 |
_a[S.l.] : _bDiscovery Publishing House, _c2004. |
||
| 300 | _a1 v. (unpaged) | ||
| 700 | _a Suneetha,E | ||
| 942 |
_aSNS _cBK _k510.7 SUN |
||
| 999 |
_c29297 _d29297 |
||